00900 2200301 4500001002100000005001500021035002000036006001800056007000300074008004100077040001200118100002900130245007200159250001100231300003200242020002200274082001000296084001600306090002300322260003800345440003400383600001800417850001200435520007600447990002500523990002500548990002500573INLIS00000000069334220210402093827 a0010-0421000016aa j 6 000 1ta210402 g 0 ind  aJIPUBAY0 aZahraa Aura Putri Asmoro1 aKomik next g :bterkunci di kamar mandi /cZahraa Aura Putri Asmoro acet. 1 a100 hlm. :bilus. ;c21 cm. a978-602-367-845-7 a741.5 a741.5 ZAH k aCB-D.09 2017-12889 aBandung :bMuffin Graphics,c2020 0aKomik kecil-kecil punya karya 4aKomik, bacaan aJIPUBAY asabila, dan aura hampir terlambat melaksanakan shalat dhuha di mushalla a00503561/DPKBWI/2020 a00503562/DPKBWI/2020 a00503563/DPKBWI/2020